Lafferova krivka - teória a prax

Guardado en:
Detalles Bibliográficos
Autor principal: Kováč, Filip
Formato: Capítulo de libro
Lenguaje:eslovaco
Materias:
Etiquetas: Agregar Etiqueta
Sin Etiquetas, Sea el primero en etiquetar este registro!

MARC

LEADER 00000naa$a2200000$$$4500
001 0168858
005 20240502083412.2
041 0 |a slo 
044 |a UA 
245 1 0 |a Lafferova krivka - teória a prax  |c Filip Kováč 
610 2 0 |a sadzby daňové 
610 2 0 |a výnosy daňové 
610 2 0 |a štát 
610 2 0 |a politika daňová 
100 1 |a Kováč, Filip